| 000 | 01724nam a22004337a 4500 | ||
|---|---|---|---|
| 003 | CHAP | ||
| 005 | 20220329143744.0 | ||
| 008 | 110610s2011 mx r 00010 spa d | ||
| 010 | _a101467 | ||
| 011 | _a102439 | ||
| 035 | _a113127 | ||
| 040 | _cCHAP | ||
| 090 | _aTesis | ||
| 100 | 1 |
_aAguílar Valencia, Miguel Angel. _93073 |
|
| 245 | 1 | 0 |
_aEstudio de prospección geofísica eléctrica, en Santo Domingo Aztacameca municipio de Axapusco, Estado de México _h[En Línea] _c/por Miguel Ángel Aguilar Valencia |
| 260 |
_aChapingo, Méx. : _bEl autor, _c2011 |
||
| 500 | _aPara ver el contenido del material haga clic en la liga | ||
| 502 | _aTesis (Ing. en Irrigación) -- UACH. Departamento de Irrigación | ||
| 590 |
_aALEPH _b10 _c20130110 _lUCH01 _h1540 |
||
| 590 |
_aBATCH-UPD _b10 _c20130110 _lUCH01 _h1257 |
||
| 590 |
_aBATCH-UPD _b10 _c20130410 _lUCH01 _h0817 |
||
| 590 |
_aBATCH-UPD _b10 _c20130914 _lUCH01 _h0301 |
||
| 590 |
_aBATCH-UPD _b10 _c20140324 _lUCH01 _h1525 |
||
| 590 |
_aBATCH-UPD _b10 _c20141002 _lUCH01 _h0849 |
||
| 590 |
_aBATCH _b00 _c20181121 _lUCH01 _h0758 |
||
| 590 |
_aCONVERSION _b10 _c20130109 _lUCH01 _h1356 |
||
| 650 | 1 | 4 |
_aAgua subterranea _zMexico (Edo.). _92488 |
| 650 | 1 | 4 |
_aGeofísica. _947534 |
| 650 | 1 | 4 |
_aIndustria eléctrica. _957815 |
| 650 | 1 | 4 |
_aPozos profundos _xMéxico (Edo.) _991214 |
| 650 | 1 | 4 |
_aProyectos _xEvaluación. _992525 |
| 650 | 1 | 4 |
_aSuelos _xBalance hídrico. _9110215 |
| 856 |
_3Finding aid _uhttp://10.13.5.2/tesis/113127.pdf _zTeclea aqui |
||
| 856 |
_a1 _n0000116 |
||
| 901 | _aBK | ||
| 942 | _cFOLL | ||
| 949 |
_aTesis _bBC _cTES _d33724002249785 _eTS1 _gDonaciØn _h52373 _i113127 _st |
||
| 949 |
_aTesis _bBC _cTES _d33724002249827 _eTS2 _fc.2 _gDonaciØn _h52374 _i113127 _st |
||
| 999 |
_c101467 _d101467 |
||